00253 a2200121 4500001000700000020001500007040003500022100002300057240002000080245001500100300000700115362000900122153498 a8532205658 cEscola São Tomás de Aquino aALENCAR, José de10aA viuvinhalpor10aA viuvinha a840 a1999